000 00490nam a2200169Ia 4500
005 20250508151042.0
008 008 250505s9999 xx 000 0 hin d
037 _aBooks to be hide in OPAC
040 _aFEDL
_beng
_cFEDL
041 _ahin
_2eng
084 _a309.230954, DEH/O
_qFEDL
245 0 _aRastra nirman aur yojnayain
260 _aDelhi, India
_bAtar Chand Kapoor and Sons
300 _a26p.
942 _cHB
_h309.230954, DEH/O
999 _c1327283
_d1327283